Pakistan : (Record no. 9219)
[ view plain ]
| 000 -LEADER | |
|---|---|
| fixed length control field | 00691cam a2200229 a 4500 |
| 001 - CONTROL NUMBER | |
| JCCL Control Number | 9219 |
| 003 - CONTROL NUMBER IDENTIFIER | |
| JCCL marc code | UkOxU |
| 005 - DATE AND TIME OF LATEST TRANSACTION | |
| control field | 20180311110036.0 |
| 008 - FIXED-LENGTH DATA ELEMENTS--GENERAL INFORMATION | |
| fixed length control field | 960805s1963 njua b 001 0 eng d |
| 035 ## - SYSTEM CONTROL NUMBER | |
| system control number | (BD-JhCC) 9219 |
| 040 ## - CATALOGING SOURCE | |
| Original cataloging agency | DLC |
| Transcribing agency | WSU |
| Modifying agency | SER |
| -- | UKM |
| -- | EQO |
| 041 ## - LANGUAGE CODE | |
| Language code of Book | eng |
| 082 ## - DEWEY DECIMAL CLASSIFICATION NUMBER | |
| Classification number | 954.9104 |
| Author mark and Year | CAM 1963 |
| 100 1# - MAIN ENTRY--PERSONAL NAME | |
| Personal name | Campbell, Robert Dale. |
| 245 10 - TITLE STATEMENT | |
| Title | Pakistan : |
| Remainder of title | emerging democracy / |
| Statement of responsibility, etc | by Robert D. Campbell. |
| 260 ## - PUBLICATION, DISTRIBUTION, ETC. (IMPRINT) | |
| Place of publication, distribution, etc | Princeton, N.J ; |
| -- | London : |
| Name of publisher, distributor, etc | Van Nostrand, |
| Date of publication, distribution, etc | [1963] |
| 300 ## - PHYSICAL DESCRIPTION | |
| Pagination | 144 p. : |
| Other physical details | maps, tables ; |
| Dimensions | 21 cm. |
| 651 #0 - SUBJECT ADDED ENTRY--GEOGRAPHIC NAME | |
| Geographic name | Pakistan |
| General subdivision | History. |
| Geographic subdivision | Pakistan |
| 651 #0 - SUBJECT ADDED ENTRY--GEOGRAPHIC NAME | |
| Geographic name | Pakistan |
| General subdivision | Economic conditions. |
| 830 #0 - SERIES ADDED ENTRY--UNIFORM TITLE | |
| Uniform title | Van Nostrand searchlight book ; |
| Volume number/sequential designation | #14 |
| Source of classification or shelving scheme | Damaged status | Not for loan | Home library | Current library | Shelving location | Date of accession | Total Checkouts | Full call number | Barcode | Date last seen | Copy number | Koha item type |
|---|---|---|---|---|---|---|---|---|---|---|---|---|
| Dewey Decimal Classification | JCC Rouf Library | JCC Rouf Library | General Stacks | 03/11/2018 | 954.9104 CAM 1963 | 12275 | 03/11/2018 | C - 1 | Books |